00692nam a2200229 a 4500001001300000003000900013005001700022008004100039020001000080082001300090100002800103245005500131260002700186300000800213500003500221505003900256700002800295902000800323942000700331952010900338999001500447nice12345678IN_TiNIC20260116011702.0050524s1973 bana grp 000 0 eng  ac2.500a201bKEI aKeithahn, Ralph Richard aPilgrimage in Indiab an Autobiographical Fragment aBangalorebCISRSc1973 a75p aincludes index and biblioraphy2 acisrs social research series no.111 aKeithahn, Ralph Richard bSRS cBK 001040708StackRoom-aHMIbHMId2007-03-19g2.50l0o201 KEIp06986r2007-03-19v2.50w2005-05-24yBK c3398d3398